书目信息 |
| 题名: |
红与黑
|
|
| 作者: | 司汤达 著 ;蒂蒙斯 改编 | |
| 分册: | ||
| 出版信息: | 北京 北京理工大学出版社有限责任公司 2019 |
|
| 页数: | 12,190页 | |
| 开本: | 21cm | |
| 丛书名: | 床头灯英语·3000词读物 | |
| 单 册: | ||
| 中图分类: | H319.4:I565.44 | |
| 科图分类: | ||
| 主题词: | 英语--语言读物 , 长篇小说--法国--近代 | |
| 电子资源: | ||
| ISBN: | 978-7-5682-7305-3 | |
| 000 | 01299nam0 2200289 450 | |
| 001 | 2356915951 | |
| 005 | 20231124164625.92 | |
| 010 | @a978-7-5682-7305-3@dCNY15.80 | |
| 100 | @a20200408d2019 demy0chiy50 ea | |
| 101 | 1 | @aeng@cfre@gchi |
| 102 | @aCN@b110000 | |
| 105 | @aa z 000ay | |
| 106 | @ar | |
| 200 | 1 | @a红与黑@9hong yu hei@dThe red and the black@f(法)司汤达著@zeng |
| 210 | @a北京@c北京理工大学出版社有限责任公司@d2019 | |
| 215 | @a12,190页@c图,照片@d21cm | |
| 225 | 1 | @a床头灯英语·3000词读物@e纯英文版@f王若平主编 |
| 330 | @a本书主人公于连出身于木匠家庭,但野心勃勃,渴望像拿破仑一样能建功立业。由于他懂拉丁文,又能熟背《圣经》,有幸被当地市长看中,成为市长家的家庭教师,但因与市长夫人偷情,事情败露后不得已求学于神学院,后经教会举荐,成为保王党中坚人物的私人秘书,并得到了他的赏识和重用,其间和侯爵的女儿有了私情,正在侯爵为了女儿的幸福替于连的前途铺路之际,一封告密信使于连的飞黄腾达毁于一旦。 | |
| 461 | 0 | @12001 @a床头灯英语·3000词读物 |
| 510 | 1 | @aRed and the black@zeng |
| 606 | 0 | @a英语@j语言读物 |
| 606 | 0 | @a长篇小说@y法国@z近代 |
| 690 | @aH319.4:I565.44@v5 | |
| 701 | 0 | @c(法)@a司汤达@9si tang da@c(Stendhal@f1783-1842)@4著 |
| 702 | 0 | @c(美)@a蒂蒙斯@9di meng si@c(Timmons, Rebecca)@4改编 |
| 801 | 0 | @aCN@b91MARC@c20200408 |
| 905 | @aBZT@dH319.4@e454 | |
| 红与黑=The red and the black/(法)司汤达著.-北京:北京理工大学出版社有限责任公司,2019 |
| 12,190页:图,照片;21cm.-(床头灯英语·3000词读物:纯英文版/王若平主编) |
| ISBN 978-7-5682-7305-3:CNY15.80 |
| 本书主人公于连出身于木匠家庭,但野心勃勃,渴望像拿破仑一样能建功立业。由于他懂拉丁文,又能熟背《圣经》,有幸被当地市长看中,成为市长家的家庭教师,但因与市长夫人偷情,事情败露后不得已求学于神学院,后经教会举荐,成为保王党中坚人物的私人秘书,并得到了他的赏识和重用,其间和侯爵的女儿有了私情,正在侯爵为了女儿的幸福替于连的前途铺路之际,一封告密信使于连的飞黄腾达毁于一旦。 |
| ● |
| 相关链接 |
|
|
|
正题名:红与黑
索取号:H319.4/454
 
预约/预借
| 序号 | 登录号 | 条形码 | 馆藏地/架位号 | 状态 | 备注 |
| 1 | 2001048130 | 2001048130 | 中教第一批/山东中教(第一批)/450/ [索取号:H319.4/454] | 在馆 | |
| 2 | 2001048131 | 2001048131 | 中教第一批/山东中教(第一批)/450/ [索取号:H319.4/454] | 在馆 | |
| 3 | 2001048132 | 2001048132 | 中教第一批/山东中教(第一批)/450/ [索取号:H319.4/454] | 在馆 | |
| 4 | 2001048133 | 2001048133 | 中教第一批/山东中教(第一批)/450/ [索取号:H319.4/454] | 在馆 | |
| 5 | 2001048134 | 2001048134 | 中教第一批/山东中教(第一批)/450/ [索取号:H319.4/454] | 在馆 | |
| 6 | 2001048135 | 2001048135 | 中教第一批/山东中教(第一批)/450/ [索取号:H319.4/454] | 在馆 |